Captain America: The First Avenger (2011): Characters by Picture - Statistics

General Stats
  • This quiz has been taken 62 times
  • The average score is 8 of 16
Answer Stats
Picture Answer % Correct
Bucky Barnes
100%
Captain America
100%
Agent Carter
98%
Red Skull
96%
Howard Stark
88%
Nick Fury
84%
Stan Lee
72%
Arnim Zola
58%
Abraham Erskine
32%
Dum Dum Dugan
32%
Chester Phillips
26%
Gabe Jones
14%
Heinz Kruger
14%
Jim Morita
14%
Union Jack
12%
Jacques Dernier
8%
No matching quizzes found
Score Distribution
Percent of People with Each Score
Percentile by Number Answered
Your Score History
You have not taken this quiz